| 000 | 02856namaa2200433uu 4500 | ||
|---|---|---|---|
| 001 | doab133801 | ||
| 003 | oapen | ||
| 005 | 20260218110452.0 | ||
| 006 | m o d | ||
| 007 | cr|mn|---annan | ||
| 008 | 240131s2024 xx |||||o ||| 0|eng d | ||
| 020 | _a9781003408703 | ||
| 020 | _a9781003408703 | ||
| 020 | _a9781032528458 | ||
| 020 | _a9781032528465 | ||
| 020 | _a9781040000038 | ||
| 020 | _a9781040000076 | ||
| 024 | 7 |
_a10.4324/9781003408703 _2doi |
|
| 040 |
_aoapen _coapen _d |
||
| 041 | 0 | _aeng | |
| 042 | _adc | ||
| 720 | 1 |
_aWiesner, Claudia _4aut |
|
| 245 | 0 | 0 |
_aPoliticisation, Democratisation and EU Identity _bNational EU Discourses in Germany and France |
| 260 |
_aOxford _bTaylor & Francis _c2024 |
||
| 300 | _a1 online resource (328 p.) | ||
| 336 |
_atext _btxt _2rdacontent |
||
| 337 |
_acomputer _bc _2rdamedia |
||
| 338 |
_aonline resource _bcr _2rdacarrier |
||
| 506 | 0 |
_fUnrestricted online access _2star |
|
| 520 | _aWhat is it that unites the European Union as a polity? Why is it necessary to democratise the EU? Can EU politicisation help democratising the EU? Why do EU citizens in referenda seemingly vote against the EU? And how can a European identity develop? To tackle these questions, this book makes a theoretical, conceptual and empirical contribution to the study of EU politicisation, democratisation, identity formation, and the ways these three are related to one another. The results of a thorough comparative analysis of two prototypical cases, namely French and German national EU discourses and in particular the discourses on the Treaty on a Constitution for Europe (TCE) in 2005, are discussed in relation to more current events such as Brexit and the French elections of 2022. The book thus develops key concepts and theoretical models and delivers profound findings on EU democratisation, identity, politicisation and contestation and their interrelations. This book will be of key interest to scholars and students of European Union studies/politics, democratic theory, discourse analysis and more broadly to comparative politics. The Open Access version of this book, available at http://www.taylorfrancis.com, has been made available under a Creative Commons [Attribution-Non Commercial-No Derivatives (CC-BY-NC-ND)] 4.0 license. | ||
| 540 |
_aCreative Commons _fhttps://creativecommons.org/licenses/by-nc-nd/4.0/ _2cc _uhttps://creativecommons.org/licenses/by-nc-nd/4.0/ |
||
| 546 | _aEnglish | ||
| 650 | 7 |
_aPolitical structures: democracy _2bicssc |
|
| 650 | 7 |
_aRegional studies _2bicssc |
|
| 650 | 7 |
_aSocial & political philosophy _2bicssc |
|
| 793 | 0 | _aDOAB Library. | |
| 856 |
_uhttps://docs.google.com/spreadsheets/d/1yKIrdCPDAG_9c22mwoOIO2DOhtj65Wqa/edit?usp=sharing&ouid=106555315294820607512&rtpof=true&sd=true _yList of Curated E-Books |
||
| 942 | _cE-BOOK | ||
| 999 |
_c81473 _d81472 |
||